Základy fytocoenologie [dočasná učebná pomôcka]

Bibliographic Details
Main Author: Rácz, Jozef, 1909-1984 (Author)
Format: Book
Language:Slovak
PhysicalDescription:63, [1] s. 4°
Published: Košice Botanický ústav VŠPLI 1951
Subjects:

MARC

LEADER 00000cam a2200000 a 4500
001 vtls010650969
003 SK-MaSNL
005 20260301092643.0
008 250312s1951 xo e 000 0 slo
015 |a SNBA1951 
035 |a 38886CF7-ED5B-41C7-8B3B-6B7842419501 
035 |a urn:nbn:sk:snk-amky7o 
035 |a urn:nbn:sk:snk-am008qc2 
040 |a SNK  |b slo  |c SNK  |e AACR2 
041 0 |a slo 
044 |a xo  |c SK 
080 |a 581.55  |2 1981 
080 |a (072)  |2 1981 
100 1 |a Rácz, Jozef,  |d 1909-1984  |4 aut  |9 197870 
245 1 0 |a Základy fytocoenologie  |b [dočasná učebná pomôcka]  |c Jozef Rácz 
260 |a Košice  |b Botanický ústav VŠPLI  |c 1951 
300 |a 63, [1] s.  |c 4° 
650 0 7 |a fytocenológia  |2 SNKPH  |9 66740 
655 7 |a učebné pomôcky  |2 SNKPH  |9 70567 
700 1 |a Antoš, Tibor J.,  |d 1925-1990  |4 red  |9 197871 
852 |a Slovenská národná knižnica 
958 |a OND 
999 |c 674656  |d 676586 
952 |a SNK  |b SNK  |y PREZ  |7 0  |p 17A0809139  |o snkSB 16909  |i snkD 570/71  |8 1  |0 0  |1 0  |4 0  |d 2015-01-30  |f 1  |l 0  |r 2025-03-18 00:00:00  |w 2026-02-23